Cinco problemas frente a los hombres de la independencia /

Guardado en:
Autor Principal: Ortega, Exequiel César
Formato: Libro
Publicado: Bahía Blanca : Uns, 1962
Materias:
Etiquetas: Agregar Etiqueta
Sin Etiquetas, Sea el primero en etiquetar este registro!
LEADER 00456nam a22001575a 4500
001 CEM.cems004791
005 20060217000000.0
008 130507s1962##################000#0#####d
003 CEMS
082 0 4 |a 982.03 
100 1 |a Ortega, Exequiel César 
245 1 0 |a Cinco problemas frente a los hombres de la independencia / 
260 |a Bahía Blanca :  |b Uns,  |c 1962 
300 |a 45 p. 
653 |a Historia 
859 |a CEMS  |b BIB. CEMS - 11 de abril  |h 982.03  |i Or8  |p 9987.81  |t Ej.1